Glorious splendor : (Record no. 18383)

000 -LEADER
fixed length control field 01990cam a2200325 a 4500
001 - CONTROL NUMBER
control field 16569904
005 - DATE AND TIME OF LATEST TRANSACTION
control field 20161217115053.0
008 - FIXED-LENGTH DATA ELEMENTS--GENERAL INFORMATION
fixed length control field 101207s2011 vaua b 000 0 eng
010 ## - LIBRARY OF CONGRESS CONTROL NUMBER
LC control number 2010051589
020 ## - INTERNATIONAL STANDARD BOOK NUMBER
International Standard Book Number 9781578646685 (soft cover : alk. paper)
020 ## - INTERNATIONAL STANDARD BOOK NUMBER
International Standard Book Number 1578646685 (soft cover : alk. paper)
035 ## - SYSTEM CONTROL NUMBER
System control number (OCoLC)ocn694080460
040 ## - CATALOGING SOURCE
Original cataloging agency DLC
Language of cataloging eng
Transcribing agency DLC
Modifying agency VAMVE
-- DLC
043 ## - GEOGRAPHIC AREA CODE
Geographic area code e-uk-en
-- n-us-ma
050 00 - LIBRARY OF CONGRESS CALL NUMBER
Classification number NK3443
Item number .A53 2011
100 1# - MAIN ENTRY--PERSONAL NAME
Personal name Anderson, Judy,
Dates associated with a name 1957-
245 10 - TITLE STATEMENT
Title Glorious splendor :
Remainder of title the 18th-century wallpapers in the Jeremiah Lee Mansion in Marblehead, Massachusetts /
Statement of responsibility, etc. by Judy Anderson.
246 30 - VARYING FORM OF TITLE
Title proper/short title 18th-century wallpapers in the Jeremiah Lee Mansion in Marblehead, Massachusetts
260 ## - PUBLICATION, DISTRIBUTION, ETC. (IMPRINT)
Place of publication, distribution, etc. Virginia Beach, VA :
Name of publisher, distributor, etc. Donning Co. Publishers,
Date of publication, distribution, etc. 2011.
300 ## - PHYSICAL DESCRIPTION
Extent 96 p. :
Other physical details col. ill. ;
Dimensions 26 cm.
504 ## - BIBLIOGRAPHY, ETC. NOTE
Bibliography, etc Includes bibliographical references.
505 0# - FORMATTED CONTENTS NOTE
Formatted contents note Introduction -- The Lee Mansion and its wallpapers -- The scenic mural papers -- Other 18th c. English painted mural -- Manufacturer -- Painted wallpapers in the Lee Mansion rooms -- Block-printed wallpapers in the Lee Mansion -- Block-printed wallpapers in Lee Mansion rooms -- Epilogue. End of Lee family in their mansion -- Lee Mansion history & preservation after 1775 -- Conclusion -- Appendix. Wallpaper preservation -- Appendix. Woodwork paint colors.
610 20 - SUBJECT ADDED ENTRY--CORPORATE NAME
Corporate name or jurisdiction name as entry element Jeremiah Lee Mansion (Marblehead, Mass.)
650 #0 - SUBJECT ADDED ENTRY--TOPICAL TERM
Topical term or geographic name as entry element Wallpaper
Geographic subdivision England
General subdivision History
Chronological subdivision 18th century.
650 #0 - SUBJECT ADDED ENTRY--TOPICAL TERM
Topical term or geographic name as entry element Interior walls
General subdivision Decoration
Geographic subdivision Massachusetts
-- Marblehead.
942 ## - ADDED ENTRY ELEMENTS (KOHA)
Source of classification or shelving scheme
Koha item type Hard Covered Materials
Classification part NK3443 .A53 2011
Holdings
Withdrawn status Lost status Source of classification or shelving scheme Damaged status Not for loan Home library Current library Shelving location Date acquired Source of acquisition Total Checkouts Full call number Barcode Date last seen Price effective from Koha item type
          MACHAKOS UNIVERSITY LIBRARY MACHAKOS UNIVERSITY LIBRARY Technical section 17/12/2016 Donation(B.F.A)   NK3443 .A53 2011 29235 08/06/2018 17/12/2016 Hard Covered Materials
© Machakos University Library, Along The Highway, Machakos Wote Rd, Machakos, Kenya P.O. Box 136 - 90100 Machakos - Kenya

Tel: ( +254 ) 723 805829 OR Fax : 044-20353 OR Email: library@mksu.ac.ke